Municipalities of Vernon County, Wisconsin - Statistics

General Stats
  • This quiz has been taken 38 times
  • The average score is 13 of 33
Answers on the Map
Answers color-coded by a green-red scale on the quiz's map according to % correct below.
 
Answer Stats
Answer % Correct
Village of Viola
70%
City of Hillsboro
60%
City of Viroqua
60%
Town of Coon
60%
Town of Genoa
60%
Town of Hillsboro
60%
Town of Viroqua
60%
Village of Chaseburg
60%
Village of Coon Valley
60%
Village of De Soto
60%
Village of Genoa
60%
Village of La Farge
60%
Village of Ontario
60%
Village of Stoddard
60%
City of Westby
50%
Town of Liberty
50%
Town of Franklin
40%
Town of Jefferson
40%
Town of Union
40%
Village of Readstown
40%
Town of Christiana
30%
Town of Bergen
20%
Town of Forest
20%
Town of Harmony
20%
Town of Kickapoo
20%
Town of Sterling
20%
Town of Wheatland
20%
Town of Clinton
10%
Town of Greenwood
10%
Town of Hamburg
10%
Town of Stark
10%
Town of Webster
10%
Town of Whitestown
0%
No matching quizzes found
Score Distribution
Percent of People with Each Score
Percentile by Number Answered
Your Score History
You have not taken this quiz